Seul animal de son ordre - Statistiques

Statistiques générales
  • Ce quiz a été pris 19 fois
  • Le résultat moyen est 3 sur 19
Statistiques - réponses
Par images Hint Réponse % Correct
Thermozodia Thermozodium esakii
94%
Vampyromorphides Vampire des abysses
39%
Opisthocomiformes Hoazin
28%
Amphionidacés Amphionides reynaudii
17%
Steatornithiformes Guacharo des cavernes
17%
Polyplacotomes Polyplacotoma mediterranea
17%
Rhynchocéphales Sphénodon
17%
Leptosomiformes Courol vouroudriou
11%
Cératodontiformes Dipneuste d'Australie
11%
Amiiformes Poisson-castor
11%
Spirulides Spirule
11%
Céphalobénides Céphalobène tétrapode
6%
Microbiothères Colocolo
6%
Lagarocotylides Lagarocotyle salamandrae
6%
Polypodiides Polypodium hydriforme
6%
Stichocotylides Stichocotyle nephrophis
6%
Thalassocalycides Thalassocalyce inconstans
6%
Cambojiides Cambodgia elegantissima
0%
Mictacés Mictocaris halope
0%
Aucun quiz correspondant
Distribution des résultats
% des personnes avec chaque résultat
Percentile par nombre de réponses
Votre historique - résultats
Vous n’avez pas pris ce quiz